000 00693nam a2200217Ia 4500
003 GCL
008 140319s9999 xx 000 0 ara d
040 _aGCL /
_cGCL
082 0 4 _a245.8
_bن ق
100 1 _aنوران الجزيرى
245 1 0 _aقراءة فى علم الكلام: الغائبة عند الأشاعرة /
_cنوران الجزيرى
260 _a[S.N] :
_bالهيئة المصرية العامة للكتاب ،
_c1992
300 _a395 ص
490 _a
650 0 4 _aالفلسفة الاسلامية
650 0 4 _aالاسلام
650 0 4 _aالاشاعرة
650 0 4 _aعلم الكلام
650 0 4 _aالغائية (فلسفة)
942 _2ddc
_cBK
999 _c30009
_d30009